Theology of John Wesley (Record no. 5700)

MARC details
000 -LEADER
fixed length control field 00624nam a2200241 a 4500
020 ## - INTERNATIONAL STANDARD BOOK NUMBER
ISBN
082 00 - DEWEY DECIMAL CLASSIFICATION NUMBER
Classification number 230.7
Author Cutter CAN
100 ## - MAIN ENTRY--AUTHOR NAME
Author name Cannon, William Ragsdale
245 ## - TITLE STATEMENT
Title Theology of John Wesley
260 ## - PUBLICATION, DISTRIBUTION, ETC. (IMPRINT)
Place of publication New York
Name of publisher Abingdon Press
Year of publication 0000
300 ## - PHYSICAL DESCRIPTION
Number of Pages 284p
500 ## - GENERAL NOTE
General note includes index and biblioraphy
505 2# - FORMATTED CONTENTS NOTE
Formatted contents note Bibliography, Index, Appendix
650 ## - SUBJECT ADDED ENTRY--TOPICAL TERM
Topical Term Theology-Doctrinal-john Wesley
942 ## - ADDED ENTRY ELEMENTS (KOHA)
Koha item type Books
700 1# -
-- Cannon, William Ragsdale
Holdings
Home library Current library Date acquired Cost, normal purchase price Full call number Accession Number Koha item type
Henry Martyn Institute Library Henry Martyn Institute Library 06/14/2007 100.00 230.7 CAN 08549 E-Books
                   Copyright © 2026 | Henry Martyn Institute | Hyderabad | TS-500052 | INDIA | Implemented by hmi.edu.in
Hit-Count:

Powered by Koha